000 01644nam a2200397 i 4500
003 CO-BoRNBP
005 20250605110444.0
007 ta
008 210921t2016 sp ao br 000 0 spa d
020 _a9788434210172
040 _aCO-BoRNBP
_bspa
_erda
_cCO-BoRNBP
041 0 _aspa
082 0 4 _a507.24
_bB15c
_222
082 0 4 _a540.78
_bC32
_221
082 0 4 _a540.78
_bB15c
_221
082 0 4 _a540.78
_bB15C
_221
100 1 _aBanqueri, Eduardo
_d1966-
_eautor
_959835
245 1 0 _aCiencia cotidiana
_b66 experimentos para explicar las pequeñas y grandes cosas que nos rodean
_ctexto Eduardo Banqueri ... [y otros tres] ; ilustraciones Roger Zanni
246 3 1 _aCiencia cotidiana
_bsesenta y seis experimentos para explicar las pequeñas y grandes cosas que nos rodean
250 _aPrimera edición
264 4 _aBadalona, España
_bParramón Paidotribo
_c©2016
300 _a142 páginas
_bilustraciones, fotografías a color
_c28 cm
336 _atexto
_btxt
_2rdacontent
337 _asin mediación
_bn
_2rdamedia
338 _avolumen
_bnc
_2rdacarrier
521 _aRecomendado para un público infantil mayor de 9 años
650 0 4 _aQuímica
_xExperimentos
_xLiteratura infantil
_2LEMB
_959836
650 0 0 _aExperimentación científica
_xLiteratura infantil
_2LEMB
_959837
650 0 4 _aFísica
_xExperimentos
_xLiteratura infantil
_2LEMB
_959838
650 0 4 _aBiología
_xExperimentos
_xLiteratura infantil
_2LEMB
_959839
700 1 _aZanni, Roger
_eilustrador
_959840
700 1 _aBarres, José M.
_eautor
_959841
700 1 _aBarres, Laila
_eautora
_959842
700 1 _aLópez Coronado, Octavi
_eautor
_959843
942 _2ddc
_cBKINF
999 _c57194
_d57194